|
|
|
|
| LEADER |
00000naa a2200000uu 4500 |
| 001 |
vtls010946593 |
| 003 |
SK-MaSNL |
| 005 |
20260302122056.0 |
| 008 |
210910|2001 xo |||||||||||||||||slo| |
| 015 |
|
|
|a SNBRA
|
| 035 |
|
|
|a (urnnbn)urn:nbn:sk:snk:ar-a0bg71
|
| 035 |
|
|
|a (uuid)39de6df7-c4b1-4d25-88ce-51214182868e
|
| 035 |
|
|
|a urn:nbn:sk:snk-aau8bp
|
| 040 |
|
|
|a SNKBUCL
|b slo
|c SNKBUCL
|e AACR2
|
| 041 |
0 |
|
|a slo
|
| 044 |
|
|
|a xo
|c SK
|
| 100 |
1 |
|
|a Sedliačik, Ján,
|d 1968-
|4 aut
|9 203252
|
| 245 |
1 |
0 |
|a LEPENIE V ČALÚNNICTVE
|c Ján Sedliačik
|
| 246 |
3 |
|
|a UPHOLSTERY GLUING
|
| 773 |
0 |
|
|t Čalúnnické dni
|d Vo Zvolene : Technická univerzita], 2001, 2001
|g S. 40-45
|z 802281055X
|
| 958 |
|
|
|a OND
|
| 958 |
|
|
|a article11
|
| 958 |
|
|
|a chapter
|
| 999 |
|
|
|c 1276413
|d 1278343
|